| 000 | 00776nam a2200241 a 4500 | ||
|---|---|---|---|
| 005 | 20131111101242.0 | ||
| 008 | 921030s1991 nyua b i001 0 eng | ||
| 020 | _a9211004578 | ||
| 041 | 0 | _aeng | |
| 080 | _a336.33 | ||
| 100 | 1 |
_aMiller, Morris, _d1924- |
|
| 245 | 1 | 0 |
_aDebt and the environment : _cMorris Miller. |
| 260 |
_aNew York : _bUnited Nations Publications, _cc1991. |
||
| 300 |
_a347 p. : _bill. ; _c23 cm. |
||
| 500 | _aPreface : f. [IX] - [XI] | ||
| 500 | _a"Sales no. E.91.I.17"--T.p. verso. | ||
| 504 | _aIncludes bibliographical references (p. 245-273) and index. | ||
| 650 | 0 | _aBorgjet | |
| 650 | 0 | _aMarrëdhëniet ndërkombëtare ekonomike | |
| 650 | 0 | _aPolitika e mjedisit | |
| 650 | 0 | _aMbrojtja e mjedisit | |
| 942 |
_2udc _cBK |
||
| 999 |
_c267 _d267 |
||